Loading...
Literature - European Literature | 1 | 6 | 2 | 0 | 65 | 33 | 95.29 | 4 | 7 |
Literature - American Literature | 0 | 3 | 0 | 1 | 30 | 88 | 118.00 | 1 | 3 |
World and Other Literature | 0 | 3 | 0 | 0 | 30 | 112 | 130.67 | 1 | 3 |
Science - Chemistry | 0 | 2 | 0 | 0 | 20 | 71 | 102.50 | 1 | 2 |
Literature - British Literature | 0 | 2 | 1 | 0 | 15 | 115 | 119.00 | 1 | 2 |
Ancient History and Archaeology | 0 | 1 | 0 | 1 | 10 | 138 | 138.00 | 0 | 1 |
Beliefs | 1 | 1 | 3 | 0 | 10 | 73 | 75.00 | 1 | 2 |
Fine Arts - Auditory Fine Arts | 0 | 1 | 0 | 0 | 10 | 129 | 129.00 | 0 | 1 |
Other Arts: Auditory | 0 | 1 | 0 | 0 | 10 | 97 | 97.00 | 0 | 1 |
Other Arts: Visual | 0 | 1 | 1 | 0 | 5 | 107 | 107.00 | 1 | 1 |
Other Science: Math | 0 | 1 | 2 | 0 | 0 | 136 | 136.00 | 0 | 1 |
Philosophy | 0 | 0 | 1 | 0 | -5 | 0.00 | 0 | 0 | |
Science - Physics | 0 | 0 | 1 | 0 | -5 | 0.00 | 0 | 0 | |
Social Science | 0 | 0 | 1 | 0 | -5 | 0.00 | 0 | 0 |